تاريخ مصر من عهد المماليك إلى نهاية حكم إسماعيل : (Record no. 25447)

MARC details
000 -الفاتح
حقل البيانات ثابتة الطول 01679nam a2200349 i 4500
003 - محدد رقم الضبط
رقم الضبط EG-ScBUE
005 - وقت وتاريخ اخر تعامل مع التسجيلة
رقم الضبط 20240102121034.0
008 - عناصر البيانات ثابتة الطول - معلومات عامة
حقل البيانات ثابتة الطول 170907s1996 ua o f 001 0 ara d
040 ## - مصدر الفهرسة
وكالة الفهرسة الأصلية EG-ScBUE
لغة الفهرسة ara
قواعد الوصف rda
وكالة النسخ EG-ScBUE
وكالة التعديل EG-ScBUE
041 1# - رمز اللغة
رمز لغة النص/ المسارات الصوتية أو العنوان الانفرادي ara
رمز لغة الترجمات و/او الاصلية المتوسطة للنص und
043 ## - رمز المنطقة الجغرافية
رمز المنطقة الجغرافية f-ua---
082 04 - رقم تصنيف ديوى العشرى
رقم التصنيف 962.02
رقم المادة ي ا ن
رقم الطبعة 22
100 1# - المدخل الرئيسى - إسم شخصى
الإسم الشخصى يانج، جورج،
التواريخ المصاحبة للاسم 1872-1952‏،
الدور مؤلف.
245 10 - بيان العنوان
العنوان تاريخ مصر من عهد المماليك إلى نهاية حكم إسماعيل :
بقية العنوان وبهامش الكتاب أهم ما وقع من الأحداث في مصر إلى نهاية حكم إسماعيل باشا مقرونة بالصور من سنة، 1760-1880 /
بيان المسئوليه,etc تأليف المستر جورج يانج، تعريب علي أحمد شكري.
250 ## - بيان الطبعة
بيان الطبعة الطبعة الثانية.
264 #1 - النشر، التوزيع
مكان الناشر او الموزع القاهرة :
اسم الناشر او الموزع مكتبة مدبولي،
تاريخ النشر أو التوزيع 1996.
300 ## - الوصف المادى
التعداد 608 صفحة :
تفاصيل ماديه اخرى للوعاء صور ؛
أبعاد الوعاء 24 سم.
336 ## - نوع المحتوى
source rdacontent
Carrier Type Term نص
Content Type Code txt
337 ## - نوع الوسيط
Media Type Term بدون وسيط
source rdamedia
Media Type Code n
338 ## - نوع الحامل أو الناقل
Carrier Type Term مجلد
Carrier Type Code nc
source rdacarrier
490 0# - بيان السلسلة
عنوان السلسلة صفحات من تاريخ مصر ؛
رقم المجلد/ التعيين التسلسلي 5
500 ## - تبصرة عامة
تبصرة عامة يشتمل على كشافات.
546 ## - تبصرة اللغة
تبصرة اللغة النص مترجم إلى اللغة العربية.
650 ## - المدخل الاضافى بالموضوع-مصطلح موضوعى
مصدر الرأس أو المصطلح BUEsh
651 #7 - المدخل الاضافى بالموضوع - اسم جغرافى
الاسم الجغرافي مصر
التقسيم الفرعي العام تاريخ
التقسيم الفرعي الجغرافي إسماعيل، 1863-1879.
مصدر الرأس أو المصطلح BUEsh
651 #7 - المدخل الاضافى بالموضوع - اسم جغرافى
الاسم الجغرافي مصر
التقسيم الفرعي العام تاريخ
التقسيم الفرعي الجغرافي العصر المملوكي، 1250-1517.
مصدر الرأس أو المصطلح BUEsh
653 ## - مصطلح تكشيفى غير مقيد
Resource For college Generalities
Arrived date list September2017
655 ## - مصطلح تكشيفى-نوع/شكل
التقسيم الفرعي الشكلي Reading book
700 1# - المدخل الاضافى - اسم شخصى
الإسم الشخصى شكري، علي أحمد،
الدور معرب.
740 02 - المدخل الاضافى - عنوان مرتبط/تحليلى غير مقيد
العنوان التحليلي/ الرابط غير مقيد أهم ما وقع من الأحداث في مصر إلى نهاية حكم إسماعيل باشا مقرونة بالصور من سنة، 1760-1880
942 ## - عناصر المدخل الإضافي( كوها)
مصدر التصنيف او مخطط الترفيف Dewey Decimal Classification
Holdings
حالة التراجع حالة الفقد مصدر التصنيف او خطة الترفيف حالة تلف ليس للاعارة مجموعات كوها المكان الدائم المكان الحالي موقع الترفيف تاريخ الاكتساب Source of acquisition تعداد مسلسل / التسلسل الزمني رقم الاستدعاء الباركود Date last seen مُعار نوع الوعاء
    Dewey Decimal Classification     Madboly Central Library Central Library Second Floor 07/09/2017 Purchase 04183 962.02 ي ا ن 000046198 15/07/2025 18/02/2019 Book - Borrowing